LIBRARY & INFORMATION CENTRE, KCAET, TAVANUR

ONLINE PUBLIC ACCESS CATALOGUE (OPAC)

Design, fabrication and testing of a multi - fruit grader (Record no. 15025)

MARC details
000 -LEADER
fixed length control field 00592nam a22001697a 4500
003 - CONTROL NUMBER IDENTIFIER
control field OSt
088 ## - REPORT NUMBER
Report number P 116
100 ## - MAIN ENTRY--AUTHOR NAME
Personal name ABHILASH G. NAMBUDIRI
-- GEETHA LEKSHMI
-- LAKSHMI G
245 ## - TITLE STATEMENT
Title Design, fabrication and testing of a multi - fruit grader
260 ## - PUBLICATION, DISTRIBUTION, ETC. (IMPRINT)
Place of publication Tavanur 2001
Name of publisher Kelappaji College of Agricultural Engineering and Technology
300 ## - PHYSICAL DESCRIPTION
Number of Pages 86
500 ## - GENERAL NOTE
General note Design, fabrication and testing of a multi - fruit grader
520 ## - SUMMARY, ETC.
Summary, etc Design, fabrication and testing of a multi - fruit grader
700 ## - ADDED ENTRY--PERSONAL NAME
Personal name Dr. Sudheer K. P (Guide)
942 ## - ADDED ENTRY ELEMENTS (KOHA)
Koha item type Project Report
Holdings
Collection code Home library Current library Shelving location Full call number Accession Number Koha item type
Reference KAUAET KAUAET Reference 631.56 ABH/DE P 116 Project Report
free website counter